000 00659nam a2200253Ia 4500
003 OSt
005 20220912150518.0
006 a|||||r|||| 00| 0
007 ta
008 220909b |||||||| |||| 00| 0 eng d
024 _a61127
037 _cTextual
040 _aCSL
_beng
_cCSL
041 _aeng
082 _aLZ5, L9
100 _aSaid Hakim mohammed Ed.
245 0 _aHamdard kjpharmacopoeia of eastern medicine
260 _aKarachi
_bTimes Press
_c1979
300 _axiv,544p.
_ccm.
650 _a Pharmacognosy
650 _aMedicine
942 _hLZ5, L9
_cTEXL
_2CC
999 _c49137
_d49137